000 00995nam a22002657a 4500
001 6140
003 FISKH
005 20250318151132.0
008 250318b cb ||||| |||| 00| 0 eng d
020 _a9780545483117
040 _aFISKH
_beng
_cFISKH
_dFISKH
050 _aE178 .D2525
082 _a973
100 _aDavis, Kenneth C.
245 _aThe presidents /
_cKenneth C. Davis athor of the best selling Don't know much about history / Illustrated by Pedro Martin
250 _aFirst Scholastic printing , October 2012
260 _aNew York :
_bScholastic ;
_c2002.
300 _a63 pages :
_bcolor illustrations ;
_c26 cm .
490 _aDon't know much about
520 _aPresents, in question and answer format, a history of the United States from the exploration of Christopher Columbus to the terrorist attacks of September 11, 2001.
650 _aQuestions and answers
_vNon-fiction
700 _aMartin, Pedro
_eillustrator
942 _2ddc
_cBK
_n0
999 _c6140
_d6140